000 00495nam a2200205Ia 4500
008 240510s9999 xx 000 0 und d
020 _a0000442272197
041 _aEng
082 _a004.22
082 _bF57
100 _aFOSTER, Caxton C. : IBERALL, Thea
245 0 _aComputer architecture
250 _a3rd ed.
260 _bVan Nostrand, New York
260 _c1985
300 _a386 p.
650 _aComputer architecture : Computer hardware
942 _2ddc
942 _cLBK
999 _c25352
_d25352
945 _a1
_bMadushi Gamage
_c1
_dMadushi Gamage